Quiz Cultura Generale - Quiz n°61 - Statistics

Statistiche generali
  • Questo quiz è stato fatto 188 volte
  • Il punteggio medio è 8 su 15
Statistiche sulle risposte
Domanda Risposta % Corretto
Da quale lingua proviene la parola "abat-jour"? Francese
100%
Qual è il participio passato del verbo "rompere"? Rotto
91%
In quale nazione si costruiscono le vetture della Toyota? Giappone
90%
Dove nacque Cristoforo Colombo? Genova
86%
Dove andò in esilio fino alla sua morte Napoleone Bonaparte? Isole di Sant'Elena
76%
In quale regione italiana si trova il Massiccio del Gennargentu? Sardegna
66%
Chi è la segretaria del Partito Democratico italiano? Elly Schlein
63%
Chi ha scritto la tragedia "Otello"? William Shakespeare
61%
Chi ha interpretato Batman nella trilogia di Christopher Nolan? Christian Bale
47%
Quale città era nota anticamente come "Bononia"? Bologna
33%
Chi ha scritto la poesia "Ed è subito sera"? Salvatore Quasimodo
27%
Quale condottiero spagnolo conquistò l'Impero Inca e fondò la città di Lima, capitale del Perù? Francisco Pizarro
20%
Qual è lo stato degli Stati Uniti continentali più ad est? Maine
19%
Qual è il terzo libro della Sacra Bibbia? Levitico
14%
Com'è detto in ambito giornalistico, l'articolo collocato in prima pagina in alto a destra che in genere ospita un articolo di rilievo? Spalla
4%
Nessun quiz corrispondente trovato
Distribuzione punteggi
Percentuale di utenti per punteggio
Percentile per numero di risposta
I tuoi punteggi nel tempo
Non hai fatto questo quiz